[Event "15th LCC Super Rapid 2025"]
[Site "London ENG"]
[Date "2025.12.06"]
[Round "2.35"]
[White "Tayar, Jonathan"]
[Black "Bharat Kumar, Balahari"]
[Result "1-0"]
[WhiteTitle "IM"]
[WhiteElo "2325"]
[BlackElo "2094"]
[WhiteFideId "2606534"]
[BlackFideId "496464"]
[EventDate "2025.12.06"]

1. e4 g6 2. d4 Bg7 3. Nc3 a6 4. f4 b5 5. Nf3 Bb7 6. Bd3 e6 7. e5 d6 8. Ne4 Ne7
9. Qe2 O-O 10. c3 Nd5 11. h4 Nd7 12. h5 Qe7 13. Bd2 f5 14. Neg5 Rfe8 15. hxg6
hxg6 16. O-O-O c5 17. Kb1 Rac8 18. Rh4 c4 19. Bc2 b4 20. Qe1 bxc3 21. Bxc3 dxe5
22. fxe5 Nxc3+ 23. Qxc3 Nb6 24. Rdh1 Nd5 25. Qa5 c3 26. b3 Qc7 27. Qa3 Ne3 28.
Qc1 Nxc2 29. Qxc2 Be4 30. Nxe4 fxe4 31. Rxe4 Rf8 32. Rg4 Rf5 33. Rxg6 Qf7 34.
Rg4 Kf8 35. Rh7 Rc7 36. Rgxg7 Qxg7 37. Rxg7 Kxg7 38. d5 Rh5 39. a4 1-0

[Event "15th LCC Super Rapid 2025"]
[Site "London ENG"]
[Date "2025.12.06"]
[Round "2.36"]
[White "Lee, Yuk Hei"]
[Black "Haydon, David L"]
[Result "0-1"]
[BlackTitle "FM"]
[WhiteElo "1883"]
[BlackElo "2284"]
[WhiteFideId "343411061"]
[BlackFideId "415405"]
[EventDate "2025.12.06"]

1. e4 e5 2. Nf3 Nc6 3. Bc4 Bc5 4. c3 Nf6 5. d3 d6 6. a4 a6 7. h3 Be6 8. Nbd2 O-O
9. O-O Qd7 10. Re1 Rfe8 11. Bb3 b5 12. Nf1 h6 13. Ng3 Bb6 14. Bc2 d5 15. d4 exd4
16. e5 Nh7 17. cxd4 Nb4 18. Bb1 bxa4 19. Rxa4 a5 20. Bd2 c5 21. Bxb4 cxb4 22. b3
Rac8 23. Qd3 Nf8 24. Ne2 Ng6 25. g4 Qe7 26. Qb5 Rb8 27. Bxg6 fxg6 28. Qd3 Qf7
29. Kg2 Rf8 30. Qe3 Rbc8 31. Ra2 Rc6 32. Rc1 Rxc1 33. Nxc1 Rc8 34. Ne2 Bd8 35.
Ra1 g5 36. Rc1 Rxc1 37. Nxc1 Qg6 38. Nd3 h5 39. gxh5 Qxh5 40. Nh2 g4 41. hxg4
Bxg4 42. Nf4 Qf5 43. Nxd5 Bh5 44. f4 Qc2+ 45. Kg3 Bf7 46. Qf3 Bh4+ 47. Kxh4
Qxh2+ 48. Qh3 Qxh3+ 49. Kxh3 Bxd5 0-1

[Event "15th LCC Super Rapid 2025"]
[Site "London ENG"]
[Date "2025.12.06"]
[Round "2.37"]
[White "Czopor, Maciej"]
[Black "Smith, Ryan M"]
[Result "1-0"]
[WhiteTitle "IM"]
[WhiteElo "2463"]
[BlackElo "1849"]
[WhiteFideId "21805431"]
[BlackFideId "463175"]
[EventDate "2025.12.06"]

1. e4 e5 2. Nc3 Nf6 3. d4 exd4 4. Qxd4 Nc6 5. Qd3 Bc5 6. Bf4 d6 7. O-O-O O-O 8.
f3 Be6 9. Qd2 Bb4 10. a3 Ba5 11. Bg5 Bxc3 12. bxc3 Ne5 13. Qd4 Ned7 14. c4 c5
15. Qb2 Ne5 16. f4 Nxc4 17. Bxc4 Bxc4 18. e5 Qa5 19. exf6 g6 20. Nf3 b5 21. Rxd6
b4 22. axb4 cxb4 23. Ne5 Rac8 24. Nc6 Qc5 25. Ne7+ Kh8 26. Nxc8 Rxc8 27. Rhd1 h5
28. Qd4 1-0

[Event "15th LCC Super Rapid 2025"]
[Site "London ENG"]
[Date "2025.12.06"]
[Round "2.38"]
[White "Shaw, Dashiell L"]
[Black "Tica, Sven"]
[Result "0-1"]
[BlackTitle "IM"]
[WhiteElo "1972"]
[BlackElo "2441"]
[WhiteFideId "412007"]
[BlackFideId "14526948"]
[EventDate "2025.12.06"]

1. e4 g6 2. d4 Bg7 3. Nf3 d6 4. Be2 Nd7 5. O-O h6 6. c4 e5 7. Nc3 Ne7 8. Be3 O-O
9. Qd2 Kh7 10. Rad1 Nc6 11. d5 Ne7 12. Ne1 f5 13. f3 f4 14. Bf2 g5 15. Nd3 Ng6
16. c5 Nf6 17. Rc1 h5 18. cxd6 cxd6 19. Nb5 Rf7 20. Qb4 Bf8 21. Nxa7 Bd7 22. a3
g4 23. Nb5 Ne8 24. a4 Qg5 25. Nc7 Rxa4 26. Qe1 g3 27. hxg3 fxg3 28. Bxg3 h4 29.
Bh2 Bh3 30. Qf2 Rxc7 31. Rxc7+ Nxc7 32. f4 Qxg2+ 33. Qxg2 Bxg2 34. Kxg2 Rxe4 35.
Bh5 Nxd5 36. Rc1 Ngxf4+ 37. Nxf4 Nxf4+ 38. Kf3 Rb4 39. Bg4 Bh6 40. Bf5+ Kg7 41.
Rc7+ Kf6 42. Bc8 Rxb2 43. Bxf4 Bxf4 44. Bxb7 h3 45. Kg4 h2 46. Bd5 Rb1 47. Rh7
Rg1+ 0-1

[Event "15th LCC Super Rapid 2025"]
[Site "London ENG"]
[Date "2025.12.06"]
[Round "2.39"]
[White "Cancedda-Dupuis, Livio"]
[Black "Abhyuday, Santhosh"]
[Result "1-0"]
[BlackTitle "CM"]
[WhiteElo "2160"]
[BlackElo "2094"]
[WhiteFideId "499447"]
[BlackFideId "25624849"]
[EventDate "2025.12.06"]

1. e4 c5 2. Nc3 d6 3. d4 cxd4 4. Qxd4 Nc6 5. Qd2 a6 6. b3 Nf6 7. Bb2 e6 8. f4
Be7 9. g3 O-O 10. O-O-O b5 11. Bg2 Bb7 12. Kb1 Nd7 13. h4 Nc5 14. Qf2 b4 15.
Nce2 Qc7 16. h5 a5 17. h6 g6 18. g4 a4 19. Nc1 axb3 20. cxb3 e5 21. f5 Bg5 22.
Nh3 Bxc1 23. Bxc1 Nd4 24. Rxd4 exd4 25. Qxd4 f6 26. Bf3 Qf7 27. fxg6 hxg6 28.
Bb2 Ne6 29. Qxd6 Kh7 30. Qxb4 Rac8 31. Bg2 Qc7 32. Rc1 Qd7 33. Rf1 Qc7 34. Ka1
Rf7 35. a4 Ba6 36. Rf3 Rb8 37. Qe1 Nc5 38. Bf1 Bxf1 39. Qxf1 Nxb3+ 40. Ka2 Nd2
41. Ng5+ Kg8 42. h7+ Rxh7 43. Qd3 Nxf3 44. Nxh7 Qf7+ 45. Ka1 Ne1 46. Qd6 Kxh7
47. Qh2+ Kg7 48. Qxb8 Nc2+ 49. Kb1 Ne3 50. g5 Qd7 51. Bxf6+ Kf7 52. Qb3+ Qe6 53.
Qxe3 Qc6 54. Qb3+ Ke8 55. Qg8+ Kd7 56. Qd5+ 1-0

[Event "15th LCC Super Rapid 2025"]
[Site "London ENG"]
[Date "2025.12.06"]
[Round "2.40"]
[White "Amoako Philip Selikem Yao"]
[Black "Porras Mateo, Felipe"]
[Result "0-1"]
[BlackTitle "FM"]
[WhiteElo "1934"]
[BlackElo "2356"]
[WhiteFideId "12602256"]
[BlackFideId "2279193"]
[EventDate "2025.12.06"]

1. e4 d5 2. exd5 Qxd5 3. Nc3 Qd8 4. d4 Nf6 5. Nf3 e6 6. Bc4 Be7 7. O-O O-O 8. h3
a6 9. a4 c5 10. dxc5 Qxd1 11. Rxd1 Bxc5 12. Bf4 Re8 13. Ng5 Nc6 14. Nce4 Nxe4
15. Nxe4 Be7 16. Bd6 Kf8 17. Ra3 Bxd6 18. Nxd6 Rd8 19. Rad3 Ne5 20. Rd4 Nc6 21.
R4d2 Ke7 22. c3 Rb8 23. Be2 Bd7 24. Bf3 Ne5 25. Bxb7 Bxa4 26. Bxa6 Bxd1 27. Rxd1
Rxd6 0-1

[Event "15th LCC Super Rapid 2025"]
[Site "London ENG"]
[Date "2025.12.06"]
[Round "2.41"]
[White "Hunt, Harriet V"]
[Black "Alizada, Eldar"]
[Result "1-0"]
[WhiteTitle "IM"]
[WhiteElo "2288"]
[BlackElo "1976"]
[WhiteFideId "403512"]
[BlackFideId "464104"]
[EventDate "2025.12.06"]

1. e4 e6 2. d3 d5 3. Qe2 Nf6 4. Nf3 Be7 5. g3 O-O 6. e5 Nfd7 7. Bg2 c5 8. c4 Nc6
9. O-O a6 10. h4 h6 11. h5 b5 12. Bf4 Bb7 13. Nc3 b4 14. cxd5 bxc3 15. dxc6 cxb2
16. Rab1 Bxc6 17. Rxb2 Rb8 18. Rfb1 Qc7 19. Nd2 Bxg2 20. Kxg2 Rxb2 21. Rxb2 Rb8
22. Rc2 Nb6 23. Qg4 Kh7 24. Qf3 Nd5 25. Nc4 Rb1 26. Bd2 Bg5 27. Bxg5 hxg5 28.
Nd6 Qc6 29. Ne4 Kg8 30. Rxc5 Qb7 31. Nxg5 Rb2 32. Kh2 Rxa2 33. Nxf7 Qd7 34. Nd6
Nb6 35. Rc6 Rxf2+ 36. Qxf2 Qxc6 37. Qf7+ Kh7 38. Qg6+ Kg8 39. h6 Qc2+ 40. Kh3
Qc7 41. h7+ 1-0

[Event "15th LCC Super Rapid 2025"]
[Site "London ENG"]
[Date "2025.12.06"]
[Round "2.42"]
[White "Patel, Zain"]
[Black "Grutter, Tim"]
[Result "0-1"]
[BlackTitle "IM"]
[WhiteElo "2033"]
[BlackElo "2399"]
[WhiteFideId "469246"]
[BlackFideId "1057472"]
[EventDate "2025.12.06"]

1. Nf3 g6 2. d4 Bg7 3. b3 Nf6 4. Bb2 O-O 5. g3 b5 6. Bg2 Bb7 7. O-O d6 8. c4
bxc4 9. bxc4 Nbd7 10. Nbd2 c5 11. d5 Qa5 12. e4 Rab8 13. Qc2 Ba6 14. Bc3 Qc7 15.
Qa4 Qc8 16. Bh3 Nb6 17. Bxc8 Nxa4 18. Bxf6 Rfxc8 19. Bxg7 Kxg7 20. Rab1 Nc3 21.
Rxb8 Rxb8 22. a3 Rb2 23. Kg2 Ra2 24. Rc1 Rxa3 25. e5 Bc8 26. exd6 exd6 27. Re1
Bf5 28. Re7 Kf6 29. Rc7 Ne4 30. Rc6 Ra2 31. g4 Nxd2 32. Nxd2 Bd3 33. Nf3 Be4 34.
Rxd6+ Ke7 35. Rc6 Ra3 36. Rc7+ Kd6 37. Rxf7 Rxf3 38. Rxf3 a5 39. Kg3 Bxf3 0-1

[Event "15th LCC Super Rapid 2025"]
[Site "London ENG"]
[Date "2025.12.06"]
[Round "2.43"]
[White "McPhillips, Joseph"]
[Black "Burke, John S"]
[Result "1/2-1/2"]
[WhiteTitle "IM"]
[WhiteElo "2388"]
[BlackElo "1933"]
[WhiteFideId "422487"]
[BlackFideId "404322"]
[EventDate "2025.12.06"]

1. e4 d6 2. d4 Nf6 3. Nc3 e5 4. Nf3 Nbd7 5. g3 Be7 6. Bg2 O-O 7. O-O c6 8. a4 b6
9. Re1 Qc7 10. b4 a6 11. Ba3 b5 12. Bb2 Re8 13. axb5 cxb5 14. Nxb5 Qb6 15. Qd3
d5 16. Nc3 dxe4 17. Nxe4 Nxe4 18. Rxe4 Bb7 19. d5 f5 20. Rxe5 Nxe5 21. Bxe5 Bf6
22. Bxf6 Qxf6 23. Rb1 Re4 24. Nh4 Rd4 25. Qxf5 Rf8 26. Qxf6 Rxf6 27. f4 Bxd5 28.
Nf3 Bxf3 29. Bxf3 Rb6 30. c4 Kf8 31. Bd5 Ke7 32. Kf2 Rd2+ 33. Ke3 Rxh2 34. Kd4
Rd2+ 35. Kc5 Rf6 36. Re1+ Kd7 37. Re5 Rd3 38. Rg5 g6 39. Be4 Re3 40. Bd5 h6 41.
Rg4 Re2 42. Rh4 h5 43. Rh1 Re8 44. Rd1 Kc7 45. b5 axb5 46. cxb5 Re3 47. Ra1 Rc3+
48. Kd4 Rxg3 49. Ra7+ Kb8 50. Ra8+ Kc7 51. Ra7+ Kb8 52. Ra8+ Kc7 53. Ra7+ Kb8
54. Ra8+ Kc7 55. Ra7+ Kb8 56. Ra8+ 1/2-1/2

[Event "15th LCC Super Rapid 2025"]
[Site "London ENG"]
[Date "2025.12.06"]
[Round "2.44"]
[White "Sommerbauer-Cornell, Ben"]
[Black "Kalavannan, Koby"]
[Result "0-1"]
[BlackTitle "FM"]
[WhiteElo "1985"]
[BlackElo "2275"]
[WhiteFideId "494712"]
[BlackFideId "425753"]
[EventDate "2025.12.06"]

1. e4 c5 2. d4 cxd4 3. c3 Nf6 4. e5 Nd5 5. Nf3 Nc6 6. Bc4 e6 7. O-O Nb6 8. Bb3
dxc3 9. Nxc3 d5 10. exd6 Bxd6 11. Qe2 O-O 12. Rd1 Qe7 13. Bc2 Rd8 14. Bxh7+ Kxh7
15. Ng5+ Kg6 16. Qe4+ f5 17. Qh4 Qf8 18. Qh7+ Kf6 19. Nge4+ fxe4 20. Bg5+ Kf7
21. Bxd8 Nxd8 22. Nxe4 Be7 23. Rd3 Nd5 24. Rf3+ Nf6 25. Ng5+ Ke8 26. Qg6+ Nf7
27. Rd1 Qg8 28. Re3 Kf8 29. Rxe6 Nxg5 30. Rxe7 Kxe7 31. Qxg5 Be6 32. Qc5+ Kf7
33. Qc7+ Bd7 34. Rxd7+ Nxd7 35. Qxd7+ Kf6 36. Qd4+ Ke7 37. Qb4+ Kd8 38. Qd6+ Ke8
39. Qe5+ Kf7 40. Qc7+ Kf6 41. Qf4+ Ke7 42. Qc7+ Ke8 43. Qe5+ Kd7 44. Qd4+ Kc6
45. Qc3+ Kb5 46. Qe5+ Ka6 47. Qd6+ b6 48. Qd3+ Ka5 49. Qc3+ Kb5 50. Qe5+ Ka6 51.
Qe2+ b5 52. Qe3 Qxa2 0-1

[Event "15th LCC Super Rapid 2025"]
[Site "London ENG"]
[Date "2025.12.06"]
[Round "2.45"]
[White "Makkar, Rajat"]
[Black "Mokhber-Garcia, Sebastian"]
[Result "1-0"]
[WhiteTitle "IM"]
[WhiteElo "2395"]
[BlackElo "1872"]
[WhiteFideId "36016810"]
[BlackFideId "499269"]
[EventDate "2025.12.06"]

1. d4 Nf6 2. c4 e6 3. Nf3 Bb4+ 4. Nbd2 b6 5. g3 Bb7 6. Bg2 O-O 7. O-O a5 8. Qc2
Bxd2 9. Bxd2 Be4 10. Qc1 Qc8 11. Bg5 Qd8 12. Qf4 Bc6 13. e4 Nh5 14. Qh4 f6 15.
Qxh5 fxg5 16. d5 exd5 17. cxd5 Bb5 18. Rfe1 h6 19. e5 d6 20. Nd4 Be8 21. Qe2 Qe7
22. Ne6 Rf5 23. exd6 cxd6 24. Qc2 Bg6 25. Be4 1-0

[Event "15th LCC Super Rapid 2025"]
[Site "London ENG"]
[Date "2025.12.06"]
[Round "2.46"]
[White "Zhao, George"]
[Black "Willow, Jonah B"]
[Result "0-1"]
[WhiteTitle "CM"]
[BlackTitle "IM"]
[WhiteElo "2113"]
[BlackElo "2472"]
[WhiteFideId "494607"]
[BlackFideId "438804"]
[EventDate "2025.12.06"]

1. d4 Nf6 2. c4 g6 3. g3 Bg7 4. Bg2 d6 5. Nc3 O-O 6. Nf3 Nc6 7. O-O Bd7 8. h3 e5
9. dxe5 dxe5 10. Bg5 h6 11. Bxf6 Bxf6 12. Ne4 Be7 13. Qb3 Qc8 14. Kh2 f5 15. Nc3
e4 16. Nd2 Bf6 17. Nd5 Bg7 18. f3 exf3 19. exf3 Kh7 20. Rae1 Nd4 21. Qd3 Be6 22.
Nf4 Bf7 23. b3 Qd7 24. Re3 Rfe8 25. Rfe1 Rxe3 26. Rxe3 c6 27. c5 Rd8 28. Nc4 g5
29. Nd6 gxf4 30. gxf4 Bg6 31. h4 Nb5 32. h5 Bxh5 33. Bh3 Bg6 34. Qe2 Nxd6 35.
cxd6 Qxd6 36. Kg3 Qd1 37. Qxd1 Rxd1 38. Re7 Rd2 39. a4 b5 40. a5 Rb2 41. Rxa7
Rxb3 42. Rc7 Ra3 43. Rxc6 Rxa5 44. Rc7 h5 45. Kh4 Kh6 46. Rc6 b4 47. Rb6 Bd4 48.
Rxb4 Bf2# 0-1

[Event "15th LCC Super Rapid 2025"]
[Site "London ENG"]
[Date "2025.12.06"]
[Round "2.47"]
[White "Bansal, Saahil"]
[Black "Lohia, Sohum"]
[Result "0-1"]
[BlackTitle "IM"]
[WhiteElo "2016"]
[BlackElo "2391"]
[WhiteFideId "438316"]
[BlackFideId "5819369"]
[EventDate "2025.12.06"]

1. d4 d5 2. Nf3 Nf6 3. Bf4 e6 4. e3 c5 5. c3 Nc6 6. Bd3 Nh5 7. Bg3 Nxg3 8. hxg3
g6 9. Nbd2 cxd4 10. exd4 Bg7 11. Qe2 a6 12. O-O O-O 13. Rfe1 Rb8 14. a4 Bd7 15.
Nb3 Qc7 16. Nc5 Rfe8 17. Nxd7 Qxd7 18. Ne5 Nxe5 19. dxe5 Qc7 20. Rad1 Rbd8 21.
Qe3 f6 22. exf6 Bxf6 23. Qf4 Qg7 24. Bc2 Kh8 25. Bb3 Re7 26. Qg4 Qf7 27. Re3 Bg7
28. Rf3 Qe8 29. Re3 Qd7 30. Rde1 e5 31. Qxd7 Rexd7 32. Rd1 d4 33. cxd4 exd4 34.
Red3 Re7 35. Kf1 Rde8 36. Bc4 Bf6 37. Rb1 Kg7 38. b3 Re2 39. Rxd4 Rxf2+ 40. Kxf2
Bxd4+ 41. Kf3 Re3+ 42. Kf4 Re7 43. Rd1 Bc5 44. Rd8 a5 45. g4 Be3+ 46. Kf3 Kh6
47. Rf8 b6 48. Rf7 Re5 49. Rb7 Kg5 50. Rxh7 Bc5 51. g3 Re3+ 52. Kg2 Bd6 53. Rb7
Rxg3+ 54. Kf2 Rxg4 55. Kf3 Rf4+ 56. Kg2 Bc5 57. Rg7 Rf6 58. Rg8 Kg4 59. Be2+ Kf4
60. Bf3 g5 61. Re8 Kf5 62. Be4+ Kg4 63. Bf3+ Rxf3 0-1

[Event "15th LCC Super Rapid 2025"]
[Site "London ENG"]
[Date "2025.12.06"]
[Round "2.48"]
[White "Ciolek, Andreas"]
[Black "Dupuis, Denis K"]
[Result "0-1"]
[WhiteTitle "FM"]
[WhiteElo "2206"]
[BlackElo "2005"]
[WhiteFideId "12906727"]
[BlackFideId "452980"]
[EventDate "2025.12.06"]

1. e4 e5 2. Nf3 Nc6 3. d4 exd4 4. Nxd4 Nf6 5. Nxc6 bxc6 6. e5 Qe7 7. Qe2 Nd5 8.
h4 f6 9. c4 Ba6 10. exf6 Nxf6 11. Nc3 O-O-O 12. Qxe7 Bxe7 13. Bd2 Bc5 14. f3
Rhe8+ 15. Kd1 d5 16. Kc2 dxc4 17. g4 Be3 18. g5 Rxd2+ 19. Kb1 Nd5 20. Bh3+ Kb8
21. Bf5 Nxc3+ 22. bxc3 Re5 23. Re1 Rb5+ 24. Kc1 Re2+ 25. Kd1 Rxe1+ 26. Kxe1 Rxf5 0-1

[Event "15th LCC Super Rapid 2025"]
[Site "London ENG"]
[Date "2025.12.06"]
[Round "2.49"]
[White "Jain, Gautam"]
[Black "Siva, Mahadevan"]
[Result "0-1"]
[BlackTitle "IM"]
[WhiteElo "1988"]
[BlackElo "2424"]
[WhiteFideId "425311"]
[BlackFideId "25043153"]
[EventDate "2025.12.06"]

1. e4 e5 2. Nf3 Nc6 3. Nc3 g6 4. d4 exd4 5. Nxd4 Bg7 6. Be3 Nf6 7. Be2 O-O 8.
Qd2 Re8 9. f3 d5 10. Nxc6 bxc6 11. O-O-O Qe7 12. Bg5 Rb8 13. Qd4 h6 14. Bxf6
Bxf6 15. Qa4 Qc5 16. Rd3 a5 17. exd5 Ba6 18. Ne4 Bxb2+ 19. Kb1 Rxe4 20. fxe4
Bc3+ 21. Kc1 Bxd3 0-1

[Event "15th LCC Super Rapid 2025"]
[Site "London ENG"]
[Date "2025.12.06"]
[Round "2.50"]
[White "Manmay Chopra"]
[Black "Blake, J Morgan"]
[Result "1-0"]
[WhiteTitle "CM"]
[BlackTitle "CM"]
[WhiteElo "2142"]
[BlackElo "2065"]
[WhiteFideId "25649191"]
[BlackFideId "423394"]
[EventDate "2025.12.06"]

1. e4 c6 2. d4 d5 3. Nc3 dxe4 4. Nxe4 Nf6 5. Nxf6+ exf6 6. c3 Bd6 7. Bd3 O-O 8.
Qc2 Re8+ 9. Ne2 h5 10. Be3 Nd7 11. c4 Nf8 12. O-O-O Be6 13. Nc3 Rc8 14. Kb1 b5
15. c5 Bc7 16. d5 cxd5 17. Bxb5 Re7 18. Bc6 Be5 19. Nxd5 Bxd5 20. Bxd5 Qa5 21.
Rhe1 Nd7 22. Bb7 Rxc5 23. Bxc5 Nxc5 24. f4 Rxb7 25. fxe5 Rb8 26. Re3 g6 27. exf6
Na4 28. Rb3 Re8 29. Ra3 1-0

[Event "15th LCC Super Rapid 2025"]
[Site "London ENG"]
[Date "2025.12.06"]
[Round "2.51"]
[White "Li, Harvey"]
[Black "Stephan, Axel"]
[Result "0-1"]
[WhiteElo "1878"]
[BlackElo "2228"]
[WhiteFideId "343407790"]
[BlackFideId "4632834"]
[EventDate "2025.12.06"]

1. d4 g6 2. c4 Bg7 3. Nc3 c5 4. d5 Bxc3+ 5. bxc3 f5 6. Nf3 Qa5 7. Qc2 d6 8. h4
Nf6 9. Rb1 Nbd7 10. Ng5 Nb6 11. e3 h6 12. Nf3 Bd7 13. Bd2 O-O-O 14. Bd3 Qa4 15.
Qxa4 Bxa4 16. Ng1 e6 17. dxe6 d5 18. cxd5 c4 19. Be2 Rxd5 20. Rb4 Ne4 21. Nf3
Bc6 22. Nd4 Ra5 23. Rb2 Bd5 24. O-O Re8 25. h5 Bxe6 26. hxg6 Bd7 27. Be1 Rg8 28.
f3 Nc5 29. Rb4 Rxg6 30. Bxc4 Nxc4 31. Rxc4 b6 32. Nb3 Rxa2 33. Nd4 Rgxg2+ 34.
Kh1 Rh2+ 0-1

[Event "15th LCC Super Rapid 2025"]
[Site "London ENG"]
[Date "2025.12.06"]
[Round "2.52"]
[White "Gaal, Zsoka"]
[Black "Quillaud, Maxime"]
[Result "1-0"]
[WhiteTitle "IM"]
[WhiteElo "2383"]
[BlackElo "1851"]
[WhiteFideId "777765"]
[BlackFideId "343272007"]
[EventDate "2025.12.06"]

1. c4 e5 2. g3 Nf6 3. Bg2 d5 4. cxd5 Nxd5 5. Nf3 Nc6 6. O-O Be7 7. d4 e4 8. Ne5
Nxe5 9. dxe5 f5 10. exf6 Nxf6 11. Qb3 Qd6 12. Nc3 Qc6 13. Bf4 a6 14. Rac1 Be6
15. Qc2 Bf5 16. b4 O-O 17. Qb3+ Be6 18. Qb2 Qb6 19. a3 c6 20. Nxe4 Nd5 21. Be5
Rf7 22. Nc5 Bxc5 23. bxc5 Qxb2 24. Bxb2 a5 25. e4 Nc7 26. f4 g6 27. Rfd1 Kf8 28.
Be5 Nb5 29. a4 Bb3 30. axb5 Bxd1 31. Rxd1 cxb5 32. Bd6+ Ke8 33. e5 Ra6 34. e6
Rg7 35. Bf1 1-0

[Event "15th LCC Super Rapid 2025"]
[Site "London ENG"]
[Date "2025.12.06"]
[Round "2.53"]
[White "Rizvi, Nasir"]
[Black "Maier, Christian"]
[Result "0-1"]
[BlackTitle "IM"]
[WhiteElo "1939"]
[BlackElo "2192"]
[WhiteFideId "1800540"]
[BlackFideId "4601955"]
[EventDate "2025.12.06"]

1. c4 e5 2. g3 Nc6 3. Bg2 Bc5 4. Nc3 a6 5. e3 d6 6. Nge2 Ba7 7. O-O Nf6 8. h3
Be6 9. b3 Qd7 10. Kh2 d5 11. d4 O-O-O 12. dxe5 Nxe5 13. f4 Nc6 14. f5 Bxf5 15.
cxd5 Ne5 16. e4 Bg6 17. Bg5 Qe7 18. Bxf6 gxf6 19. Rc1 Kb8 20. Nd4 h5 21. Qd2 Bc5
22. b4 Bd6 23. Kg1 Rhg8 24. b5 a5 25. b6 cxb6 26. Na4 Nd7 27. Nb5 Bc5+ 28. Kh2
Rc8 29. Qf4+ Qe5 30. Qxe5+ fxe5 31. Nxc5 bxc5 32. Nd6 Rcf8 33. h4 Kc7 34. Nb5+
Kb6 35. Rb1 Ka6 36. Bh3 f5 37. exf5 Bh7 38. Nc7+ Ka7 39. Ne6 Rf6 40. Ng5 Rg7 41.
a4 b6 42. Ne6 Rgf7 43. Ng5 Re7 44. Rbd1 Bg8 45. Ne4 Kb7 46. Nxf6 Nxf6 47. d6 Rd7
48. Rfe1 Bb3 49. Ra1 e4 50. Ra3 Bd5 51. Bg2 Kc6 52. Bh3 Kxd6 53. Rb1 Kc7 54. Rg1
Rg7 55. Re3 Kd6 56. Rd1 Ke5 57. Kg2 Rb7 58. Rb1 c4 59. Kf2 Bc6 60. Rc3 Kd4 61.
Rbc1 Bd5 62. R3c2 b5 63. axb5 Rxb5 64. g4 hxg4 65. Bf1 Rb4 66. Kg3 Rb3+ 67. Kh2
c3 68. Rd1+ Ke5 69. Ra1 Kf4 70. Rf2+ Ke3 71. Re2+ Kf3 72. Raa2 g3+ 73. Kh3 Kf4
74. Rxa5 e3 75. h5 Be4 76. Ra4 Kxf5 77. Rxe3 c2 78. Re1 g2+ 79. Kh4 g1=Q 0-1

[Event "15th LCC Super Rapid 2025"]
[Site "London ENG"]
[Date "2025.12.06"]
[Round "2.54"]
[White "Sagues, Vincent"]
[Black "Golding, Alex"]
[Result "0-1"]
[BlackTitle "IM"]
[WhiteElo "1950"]
[BlackElo "2370"]
[WhiteFideId "625680"]
[BlackFideId "427241"]
[EventDate "2025.12.06"]

1. e4 e5 2. Nf3 Nc6 3. Bb5 a6 4. Ba4 d6 5. c3 Nf6 6. d3 Be7 7. O-O O-O 8. Re1
Nd7 9. Nbd2 Nb6 10. Bc2 f5 11. exf5 Bxf5 12. d4 Bxc2 13. Qxc2 exd4 14. cxd4 d5
15. Nf1 Qd6 16. Be3 Bf6 17. Rad1 Rae8 18. Ng3 Nc4 19. Nf5 Qd7 20. b3 Na3 21. Qb2
Qxf5 22. Qxa3 Be7 23. Qb2 Bb4 24. Bd2 Bd6 25. Qb1 Rxe1+ 26. Rxe1 Qxb1 27. Rxb1
Re8 28. Re1 Rxe1+ 29. Bxe1 Bb4 30. Kf1 Bxe1 31. Kxe1 Nb4 32. a4 Nd3+ 33. Kf1 a5
34. Nd2 Kf7 35. Ke2 Nc1+ 36. Kd1 Nd3 37. Ke2 Nb4 38. Nf3 Kf6 39. Kd2 Kf5 40. Ke3
g5 41. Ne5 Nc2+ 42. Kd3 Ne1+ 43. Kc3 Nxg2 44. Nd7 Nf4 45. Nc5 b6 46. Na6 Ne6 47.
b4 axb4+ 48. Nxb4 Ke4 49. f3+ Kxf3 50. Nxd5 Kg2 51. Nf6 Kxh2 52. Nxh7 g4 53. Nf6
g3 54. Ng4+ Kg2 55. Kd3 Kf3 56. Ne5+ Kf4 57. Ng6+ Kf5 58. Nh4+ Kg4 59. Ng2 Nf4+ 0-1

[Event "15th LCC Super Rapid 2025"]
[Site "London ENG"]
[Date "2025.12.06"]
[Round "2.55"]
[White "Dishman, Stephen"]
[Black "Clery, Liam"]
[Result "1-0"]
[WhiteTitle "FM"]
[WhiteElo "2239"]
[BlackElo "1779"]
[WhiteFideId "403024"]
[BlackFideId "343402879"]
[EventDate "2025.12.06"]

1. Nf3 Nf6 2. c4 e6 3. g3 d5 4. Bg2 Be7 5. O-O O-O 6. d4 b6 7. cxd5 exd5 8. Nc3
Bb7 9. Bf4 a6 10. Qb3 Nc6 11. Rad1 Nh5 12. Nxd5 Na5 13. Nxe7+ Qxe7 14. Qc2 Nxf4
15. gxf4 Be4 16. Qd2 Rad8 17. Qe3 Nc4 18. Qc3 b5 19. Rc1 Qf6 20. b3 Nb6 21. Qxc7
Nd5 22. Qe5 Qxf4 23. e3 Qg4 24. h3 Qe6 25. Qxe6 fxe6 26. Ne5 Bxg2 27. Kxg2 Rf5
28. Rfe1 Rdf8 29. Re2 Rg5+ 30. Kh2 b4 31. f4 Rgf5 32. Rg1 Nc3 33. Reg2 g6 34. h4
Rh5 35. Kh3 Rc8 36. Rc2 a5 37. Rgc1 Kg7 38. a3 Re8 39. axb4 axb4 40. Ra1 Nd5 41.
Ra7+ Kg8 42. Ng4 Rf8 43. Rc6 Re8 44. Kg3 Kh8 45. e4 Ne7 46. Rxe6 1-0

[Event "15th LCC Super Rapid 2025"]
[Site "London ENG"]
[Date "2025.12.06"]
[Round "2.56"]
[White "Sasitharan, Abhiram"]
[Black "Noy, Eyal"]
[Result "0-1"]
[WhiteTitle "FM"]
[BlackTitle "FM"]
[WhiteElo "1948"]
[BlackElo "2275"]
[WhiteFideId "11301155"]
[BlackFideId "2821117"]
[EventDate "2025.12.06"]

1. d4 Nf6 2. c4 e6 3. Nf3 b6 4. g3 Bb7 5. Bg2 Be7 6. Nc3 O-O 7. O-O Ne4 8. Qc2
Nxc3 9. Qxc3 d6 10. Qc2 f5 11. b3 Be4 12. Qd2 Nd7 13. Bb2 a5 14. Rfd1 Qe8 15.
Ng5 Bxg5 16. Qxg5 Bxg2 17. Kxg2 a4 18. b4 a3 19. Bc3 b5 20. d5 e5 21. c5 dxc5
22. bxc5 Nxc5 23. Bb4 Ne4 24. Qe3 Nd6 25. Qc5 Rf7 26. Bxa3 f4 27. g4 h5 28. h3
hxg4 29. hxg4 f3+ 30. exf3 e4 31. Bb2 Qd7 32. Rg1 exf3+ 33. Kf1 Re8 34. Qd4 Re4
35. Qc3 Rxg4 36. Rh1 Qf5 37. Re1 Rg1+ 0-1

[Event "15th LCC Super Rapid 2025"]
[Site "London ENG"]
[Date "2025.12.06"]
[Round "2.57"]
[White "McCarthy, Kevin C"]
[Black "Stoyanov, Viktor"]
[Result "0-1"]
[BlackTitle "FM"]
[WhiteElo "1927"]
[BlackElo "2239"]
[WhiteFideId "470775"]
[BlackFideId "450308"]
[EventDate "2025.12.06"]

1. Nf3 Nf6 2. g3 b6 3. Bg2 Bb7 4. c4 g6 5. Nc3 Bg7 6. d3 O-O 7. O-O e6 8. e4 d6
9. Bg5 h6 10. Bd2 Nbd7 11. Qc2 c5 12. Rad1 a6 13. h3 Re8 14. Rfe1 d5 15. cxd5
exd5 16. exd5 Nxd5 17. Rxe8+ Qxe8 18. Nxd5 Bxd5 19. Re1 Qf8 20. Bc3 Rd8 21. Qa4
Bb7 22. Qb3 b5 23. Nh4 Bxc3 24. bxc3 Bxg2 25. Kxg2 Qd6 26. Re3 Ne5 27. d4 cxd4
28. cxd4 Qxd4 29. Qa3 Nc4 30. Re2 0-1